000 00599nam a2200217Ia 4500
005 20250923145435.0
008 008 250917s9999 xx 000 0 eng d
037 _aTextual
040 _aDSWL
_beng
_cDSWL
041 _aeng
_2eng
084 _aV2'M<--H:g, N77
_qDSWL
100 _aThaper, R.
_9835340
245 0 _aCommunalism and the writing of Indian history
_c by R.Thaper
250 _a2nd
260 _aNew Delhi
_b People's Pub House
_c1977
300 _a61 p.
365 _aINR
_b2
925 _g2
942 _cTEXL
_hV2'M<--H:g, N77
999 _c1451389
_d1451389